[Event "Titled Tuesday intern op 13th Apr"]
[Site "Chess.com INT"]
[Date "2021.04.13"]
[Round "6"]
[White "Sadykov, Ramil"]
[Black "Garcia Fuentes, Sergio Miguel"]
[Result "0-1"]
[WhiteElo "2345"]
[BlackElo "2134"]
[PlyCount "158"]
[EventDate "2021.04.13"]
[EventType "swiss (blitz)"]
[EventRounds "11"]
[EventCountry "USA"]
[SourceTitle "CBM 201 Extra"]
[Source "ChessBase"]
[SourceDate "2021.05.31"]
[SourceVersion "1"]
[SourceVersionDate "2021.05.31"]
[SourceQuality "1"]

1. e4 e5 2. Nf3 Nf6 3. Nxe5 d6 4. Nf3 Nxe4 5. Nc3 Nf6 6. d4 Be7 7. Bd3 0-0 8. 0-0 c5 9. h3 Nc6 10. Be3 Nb4 11. d5 Re8 12. Bb5 Bd7 13. Bxd7 Qxd7 14. a3 Na6 15. Qd3 Nc7 16. a4 Na6 17. Rad1 Nb4 18. Qd2 Qf5 19. Ne1 h6 20. g4 Qg6 21. f4 Ne4 22. Nxe4 Qxe4 23. Bf2 Bf6 24. c3 Na6 25. b3 Nc7 26. Ng2 b5 27. axb5 Nxb5 28. c4 Nd4 29. Bxd4 Bxd4+ 30. Kh2 Qe2 31. f5 Qxd2 32. Rxd2 Rab8 33. Rf3 Re7 34. h4 Reb7 35. Ra2 Rxb3 36. Rxb3 Rxb3 37. Rxa7 Rc3 38. Ra8+ Kh7 39. Ra4 Rc2 40. Kg3 Rc3+ 41. Kf4 Be5+ 42. Ke4 Rg3 43. Ne3 Rh3 44. Ra7 Rxh4 45. Rxf7 h5 46. f6 Bxf6 47. Kf5 hxg4 48. Nxg4 Rh5+ 49. Ke6 Rh4 50. Nxf6+ Kg6 51. Ne8 Rxc4 52. Nxd6 Rc1 53. Rf1 Rxf1 54. Ne4 Re1 55. Ke5 c4 56. d6 c3 57. d7 Rd1 58. Nd6 c2 59. d8Q c1Q 60. Qe8+ Kh7 61. Qh5+ Kg8 62. Qf7+ Kh7 63. Qf5+ g6 64. Qf7+ Kh6 65. Qf8+ Kh5 66. Qh8+ Qh6 67. Qxh6+ Kxh6 68. Ne4 Re1 69. Kf4 Kh5 70. Ng3+ Kh4 71. Kf3 Re3+ 72. Kxe3 Kxg3 73. Ke2 Kg2 74. Ke3 g5 75. Ke4 g4 76. Kf5 g3 77. Kf4 Kf2 78. Ke4 g2 79. Kf4 g1Q 0-1

[Event "Titled Tuesday intern op 06th Apr"]
[Site "Chess.com INT"]
[Date "2021.04.06"]
[Round "6"]
[White "Garcia Fuentes, Sergio Miguel"]
[Black "Navalgund, Niranjan"]
[Result "1/2-1/2"]
[WhiteElo "2134"]
[BlackElo "2289"]
[PlyCount "79"]
[EventDate "2021.04.06"]
[EventType "swiss (blitz)"]
[EventRounds "11"]
[EventCountry "USA"]
[SourceTitle "CBM 201 Extra"]
[Source "ChessBase"]
[SourceDate "2021.05.31"]
[SourceVersion "1"]
[SourceVersionDate "2021.05.31"]
[SourceQuality "1"]

1. Nf3 Nf6 2. g3 g5 3. Nxg5 e5 4. d4 e4 5. c4 c6 6. Nc3 h6 7. Ngxe4 Nxe4 8. Nxe4 d5 9. cxd5 cxd5 10. Nc3 Nc6 11. Bg2 Be6 12. 0-0 Bb4 13. Bf4 h5 14. h4 Rg8 15. e3 Bg4 16. Qb3 Be6 17. Nxd5 Bxd5 18. Bxd5 Qe7 19. Rac1 Rc8 20. Rc4 Bd6 21. Bxd6 Qxd6 22. Qxb7 Qxd5 23. Qxc8+ Nd8 24. Rc5 Qd6 25. Re5+ Kf8 26. Rc1 f6 27. Rxh5 Rxg3+ 28. fxg3 Qxg3+ 29. Kh1 Qf3+ 30. Kg1 Qg3+ 31. Kf1 Qf3+ 32. Ke1 Qxe3+ 33. Kd1 Qd3+ 34. Ke1 Qe3+ 35. Kf1 Qf3+ 36. Kg1 Qg3+ 37. Kh1 Qf3+ 38. Kg1 Qg3+ 39. Kh1 Qf3+ 40. Kg1 1/2-1/2